Tablas de integrales indefinidas
Saved in:
| Hovedforfatter: | |
|---|---|
| Format: | Bog |
| Sprog: | spansk |
| Udgivet: |
Santiago
Universitaria
1971
|
| Fag: | |
| Tags: |
Tilføj Tag
Ingen Tags, Vær først til at tagge denne postø!
|
MARC
| LEADER | 00000nam a2200000 a 4500 | ||
|---|---|---|---|
| 001 | UCT1076 | ||
| 003 | CL-VaPUC | ||
| 008 | 960913e19710500CL |||||||||||||||||spa|d | ||
| 082 | 0 | 4 | |a 515.4 |b SMO |2 21 |
| 100 | 0 | |a Smolianski, M. L |e author |9 369822 | |
| 245 | 1 | 0 | |a Tablas de integrales indefinidas |
| 300 | |a 132 p | ||
| 942 | |c BK | ||
| 945 | |d 19960913 00:00:00 |a paguirre | ||
| 260 | |a Santiago |b Universitaria |c 1971 | ||
| 650 | 0 | |a Cálculo |9 260234 | |
| 650 | 0 | |a Funciones |9 263869 | |
| 650 | 0 | |a Trigonometría |9 259568 | |
| 650 | 0 | |a Cálculo integral |9 260103 | |
| 650 | 7 | |a TABLAS MATEMATICAS |2 CL-VaPUC |9 260265 | |
| 583 | |a last modification |c 19960913 00:00:00 |k Rodrigo Vera | ||
| 999 | |c 251739 |d 251737 | ||
| 952 | |0 0 |1 0 |4 0 |6 515_400000000000000_SMO_1971 |7 0 |8 A |9 271115 |a BIBCUR |b BIBCUR |d 2019-11-19 |i 1752863 |o 515.4 SMO 1971 |p 1752863 |r 2025-04-22 |w 2019-11-19 |y BK |k BCB | ||